Owen Pell v Bindi (Record no. 80706)

MARC details
000 -LEADER
fixed length control field 01964cad a22003135a 4500
001 - CONTROL NUMBER
control field L145111
008 - FIXED-LENGTH DATA ELEMENTS--GENERAL INFORMATION
fixed length control field 080908e20080519xxk f v 000 0 eng d
035 ## - SYSTEM CONTROL NUMBER
System control number (Sirsi) u145111
041 0# - LANGUAGE CODE
Language code of text/sound track or separate title eng
245 00 - TITLE STATEMENT
Title Owen Pell v Bindi
Medium [electronic resource]
260 ## - PUBLICATION, DISTRIBUTION, ETC.
Date of publication, distribution, etc. 2008
520 ## - SUMMARY, ETC.
Summary, etc. [2008] EWHC 1420 (TCC), 19 May 2008. The case considers on what grounds an expert determination can be set aside. Owen Pell (claimant) agreed to build an extension and other works at the home of Bindi. Owen left the site before the work was completed. The dispute concerns the final account and deductions from defects arising from the work carried out by Owen Pell. An expert was chosen settle the dispute. Both parties agreed that they should be bound by the decision of the expert and the dispute should not thereafter be brought in front of a tribunal. The expert determined the sum of £53,487.65 and the VAT to be paid to Owen Pell. Bindi refused to pay it. Held: The judge decided that Owen Pell should be paid as the expert answered the right question and even if it is wrong, the expert's determination was final and binding.
590 ## - LOCAL NOTE (RLIN)
Local note KA
650 24 - SUBJECT ADDED ENTRY--TOPICAL TERM
Topical term or geographic name entry element OWEN PELL LTD V BINDI (LONDON) LTD
650 24 - SUBJECT ADDED ENTRY--TOPICAL TERM
Topical term or geographic name entry element PORTER V MAGILL
650 24 - SUBJECT ADDED ENTRY--TOPICAL TERM
Topical term or geographic name entry element NIKKO HOTELS (UK) LTD V MEPC PLC
650 24 - SUBJECT ADDED ENTRY--TOPICAL TERM
Topical term or geographic name entry element DEAN V PRINCE
650 24 - SUBJECT ADDED ENTRY--TOPICAL TERM
Topical term or geographic name entry element CAMPBELL V EDWARDS
650 24 - SUBJECT ADDED ENTRY--TOPICAL TERM
Topical term or geographic name entry element ARENSON V ARENSON
650 24 - SUBJECT ADDED ENTRY--TOPICAL TERM
Topical term or geographic name entry element BABER V KENWOOD
650 24 - SUBJECT ADDED ENTRY--TOPICAL TERM
Topical term or geographic name entry element JONES AND OTHERS V SHERWOOD COMPUTER SERVICES
650 24 - SUBJECT ADDED ENTRY--TOPICAL TERM
Topical term or geographic name entry element MACRO V THOMPSON (NO. 3)
650 24 - SUBJECT ADDED ENTRY--TOPICAL TERM
Topical term or geographic name entry element BERNHARD SCHULTE GMBH & CO KG V NILE HOLDINGS LTD
650 24 - SUBJECT ADDED ENTRY--TOPICAL TERM
Topical term or geographic name entry element HOMEPACE LTD V SITA SOUTH EAST LTD
651 #4 - SUBJECT ADDED ENTRY--GEOGRAPHIC NAME
Geographic name England and Wales
Chronological subdivision 1543-
690 ## - LOCAL SUBJECT ADDED ENTRY--TOPICAL TERM (OCLC, RLIN)
Topical term or geographic name as entry element MANAGEMENT-DISPUTE AVOIDANCE, MANAGEMENT AND RESOLUTION-DISPUTE MANAGEMENT AND RESOLUTION-ALTERNATIVE DISPUTE RESOLUTION-INDEPENDENT EXPERT DETERMINATION
856 40 - ELECTRONIC LOCATION AND ACCESS
Uniform Resource Identifier <a href="https://www.bailii.org/ew/cases/EWHC/TCC/2008/1420.html lzView the case free of charge at www.bailli.org...">https://www.bailii.org/ew/cases/EWHC/TCC/2008/1420.html lzView the case free of charge at www.bailli.org...</a>
942 ## - ADDED ENTRY ELEMENTS (KOHA)
Suppress in OPAC 0
Holdings
Withdrawn status Lost status Source of classification or shelving scheme Damaged status Not for loan Home library Current library Shelving location Date acquired Total Checkouts Full call number Barcode Date last seen Copy number Price effective from Koha item type
    Dewey Decimal Classification     Virtual Virtual Online 08/09/2008   ONLINE PUBLICATION 145111-1001 06/08/2019 1 06/08/2019 Law report